000 00537nam a2200205Ia 4500
005 20260429111901.0
008 260429s9999||||xx |||||||||||||| ||und||
020 _a9788119642939
041 _aEnglish
082 _a709
_bREB
100 _aReber, Franz Von
245 0 _aHistory of ancient art /
_cFranz Von Reber
260 _aJaipur :
_bHilltop Publications,
_c2025.
300 _axvii, 334 p.; hb
650 _a Archaeology
650 _a Art history
650 _a Cultural heritage
650 _aAncient art
942 _cTB
999 _c51270
_d51270